Mi madre teje el humo de los días /

Αποθηκεύτηκε σε:
Λεπτομέρειες βιβλιογραφικής εγγραφής
Μορφή: Άγνωστο
Γλώσσα:Spanish
Έκδοση: La Habana, Cuba : Editorial Abril, 1990.
Θέματα:
Ετικέτες: Προσθήκη ετικέτας
Δεν υπάρχουν, Καταχωρήστε ετικέτα πρώτοι!

MARC

LEADER 000000000a22000000004500
001 001760
041 0 |a spa 
082 0 4 |a Cu861.44   |b G643m 
245 0 0 |a Mi madre teje el humo de los días /   |c Waldo González López, selección y aviso. 
260 1 |a La Habana, Cuba :   |b Editorial Abril,   |c 1990. 
300 |a 149 páginas 
650 4 |a LITERATURA LATINOAMERICANA 
650 4 |a POESIA 
500 |a González López, Waldo   |e selección y aviso 
999 |c 8433  |d 8433 
942 |c BK  |h Cu861.44 G643m  |2 z